Statystyki dla Państwa z największą ilością stref klimatycznych

Kliknij tutaj aby rozwiązać quiz!

Ogólne statystyki

  • Ten quiz został rozwiązany 5 313 razy
  • Średni wynik to 14 z 19

Statystyki odpowiedzi

#Państwo% Poprawnych
16Rosja
99%
26Stany Zjednoczone
99%
18Chiny
97%
12Kanada
95%
12Brazylia
94%
15Australia
89%
17Indie
88%
13Argentyna
86%
11Meksyk
86%
10Republika Południowej Afryki
74%
10Peru
63%
11Kolumbia
62%
13Turcja
60%
12Hiszpania
59%
11Wenezuela
56%
13Włochy
55%
10Boliwia
50%
12Pakistan
47%
10Ekwador
43%

Rozkład punktacji

Percentyl według liczby udzielonych odpowiedzi

Procent ludzi z każdym wynikiem

Twoja historia wyników

Nie rozwiązałeś tego quizu